zpět

Detail výsledku týmu

Studio3, Most

Datum a čas kvízu

31.5 Celkem bodů Celkový počet nahraných bodů na tomto kvízu bez doplňovacích otázek.
11. Pořadí na kvízu Konečné umístění týmu na tomto kvízu.

Zaznamenané odpovědi

# Otázka Odpověď Body Výsledky
1. Vatikán minulé pondělí oznámil... Stanislav Přibyl 0
2. Co neobvyklého našli lékaři v... dělostřelecký granát 1
3. Vstup ke které římské památce... k fontáně di Trevi 1
4. Která fiktivní postava z fanta... B) Draco Malfoy 0
5. Německá olympionička Franziska... A 1
6. 17. února 1600 byl na Campo de... Giordano Bruno 0
7. 8. února 1700 se narodil Danie... A) proudění tekutin 1
8. Za kulatý letopočet budeme dne... Brouček 1
9. 16. listopadu 1900 se v Olomou... Eliška Junková 0
10. Od 15. září do 1. října 2000 s... Jan Železný; Sydney 0.5